LEADER 01593nam a22004097a 4500
001 35568
003 BD-DhAAL
005 20250820100103.0
008 191218t1979 waua|||| b||| 001 0 eng d
020 |a 3319994 
040 |a BD-DhAAL  |c BD-DhAAL 
082 |a 370.78073 
245 |a Review of research in education.  |n Volume 07, 1979 /  |c edited by David C. Berliner; contributors, Robert F Boruch ...[et..al]. 
246 |a Review of research in education 
260 |a Washington, D.C. :  |b American Educational Research Association,  |c c1979. 
300 |a vi, 456 pages :  |c illustrations ;  |b 24 cm. 
362 |a Vol. 07 
526 |a BIED 
541 |a Complimentary copy from BIED  |e 35568 
650 |a Education  |x Research  |z United States  |v Periodicals.  |9 35427 
650 |a Education  |x Research.  |9 35428 
650 |a Social science.  |9 35558 
700 |a Berliner, David C.  |9 38887 
700 |a Boruch, Robert F.  |9 35578 
700 |a Coates, Thomas J.  |9 35430 
700 |a Jay, Gottlieb.  |9 35431 
700 |a Handler, Harry.  |9 38407 
700 |a Del, Schalock.  |9 38408 
700 |a Macmillan, Donald L.  |9 38409 
700 |a Robinson, Nancy M.  |9 38410 
700 |a Wortman, Paul M.  |9 38411 
700 |a Thoresen, Carl E.  |9 38412 
710 |a American Educational Research Association,  |e issuing body.  |9 35441 
852 |a Ayesha Abed Library  
942 |2 ddc  |c BK 
999 |c 42073  |d 42073 
952 |0 0  |1 0  |2 ddc  |4 0  |6 370_780730000000000_REV  |7 0  |9 67509  |a BRACUL  |b BRACUL  |c GEN  |d 2019-12-18  |e Complimentary copy from BIED  |l 0  |o 370.78073 REV  |p 3010035568  |r 2019-12-18  |t 1  |w 2019-12-18  |y BK  |x BIED-2691